<?xml version="1.0" encoding="UTF-8"?><?xml-stylesheet type="text/xsl" href="static/style.xsl"?><OAI-PMH xmlns="http://www.openarchives.org/OAI/2.0/" xmlns:xsi="http://www.w3.org/2001/XMLSchema-instance" xsi:schemaLocation="http://www.openarchives.org/OAI/2.0/ http://www.openarchives.org/OAI/2.0/OAI-PMH.xsd"><responseDate>2026-04-18T04:35:49Z</responseDate><request verb="GetRecord" identifier="oai:www.recercat.cat:20.500.12694/7137" metadataPrefix="marc">https://recercat.cat/oai/request</request><GetRecord><record><header><identifier>oai:recercat.cat:20.500.12694/7137</identifier><datestamp>2025-12-18T12:09:51Z</datestamp><setSpec>com_2072_179042</setSpec><setSpec>col_2072_484474</setSpec></header><metadata><record xmlns="http://www.loc.gov/MARC21/slim" xmlns:dcterms="http://purl.org/dc/terms/" xmlns:xsi="http://www.w3.org/2001/XMLSchema-instance" xmlns:doc="http://www.lyncode.com/xoai" xsi:schemaLocation="http://www.loc.gov/MARC21/slim http://www.loc.gov/standards/marcxml/schema/MARC21slim.xsd">
   <leader>00925njm 22002777a 4500</leader>
   <datafield ind2=" " ind1=" " tag="042">
      <subfield code="a">dc</subfield>
   </datafield>
   <datafield ind2=" " ind1=" " tag="720">
      <subfield code="a">Giralt Soler, Queralt</subfield>
      <subfield code="e">author</subfield>
   </datafield>
   <datafield ind2=" " ind1=" " tag="260">
      <subfield code="c">2021-06</subfield>
   </datafield>
   <datafield ind2=" " ind1=" " tag="520">
      <subfield code="a">El present treball se centra en l’educació emocional com a eina per establir l’expressivitat al centre de la música i de l’aprenentatge musical. A través de la recerca i l’aplicació de tres enfocaments —el focusing, l’estat de flux i la sensory awareness— que tracten aquests conceptes, es busquen nous camins per assolir aquest objectiu.&#xd;
El caràcter vivencial dels aspectes abordats durant la investigació ha requerit una aplicació personal força extensa en la part pràctica, combinada amb un acompanyament expressiu i emocional tant a nivell grupal com individual. Tot plegat ha permès aplicar els coneixements extrets de les línies de treball seleccionades, així com observar-ne la complementarietat i la seva repercussió en casos d’estudi concrets.</subfield>
   </datafield>
   <datafield ind2=" " ind1=" " tag="520">
      <subfield code="a">El presente trabajo se centra en la educación emocional como herramienta para situar la expresividad en el núcleo de la música y del aprendizaje musical. A través del estudio y la aplicación de tres enfoques —focusing, el estado de flujo y la sensory awareness— relacionados con estos conceptos, se buscan nuevos caminos para alcanzar este objetivo.&#xd;
El carácter vivencial de los aspectos abordados durante la investigación ha requerido una aplicación personal bastante amplia en la parte práctica, combinada con un acompañamiento expresivo y emocional tanto a nivel grupal como individual. Todo ello ha permitido aplicar los conocimientos extraídos de las líneas de trabajo seleccionadas, así como observar la complementariedad entre ellas y su repercusión en casos de estudio concretos.</subfield>
   </datafield>
   <datafield ind2=" " ind1=" " tag="520">
      <subfield code="a">This research focuses on emotional education as a means to place expressivity at the core of music and musical learning. This goal is pursued through the study and application of three approaches — Focusing, Flow, and Sensory Awareness. The experiential nature of these concepts has required an extensive personal application, combined with expressive and emotional support at both the individual and group levels. Through the practical implementation of these approaches, I have been able to observe their complementarity and their impact on the participants involved in the study.</subfield>
   </datafield>
   <datafield ind1="8" ind2=" " tag="024">
      <subfield code="a">http://hdl.handle.net/20.500.12694/7137</subfield>
   </datafield>
   <datafield tag="653" ind2=" " ind1=" ">
      <subfield code="a">TFG Pedagogia</subfield>
   </datafield>
   <datafield tag="653" ind2=" " ind1=" ">
      <subfield code="a">Educació emocional</subfield>
   </datafield>
   <datafield tag="653" ind2=" " ind1=" ">
      <subfield code="a">Música--Ensenyament</subfield>
   </datafield>
   <datafield ind2="0" ind1="0" tag="245">
      <subfield code="a">Educació emocional i expressivitat artística : caminant per les harmonies del cos i la consciència</subfield>
   </datafield>
</record></metadata></record></GetRecord></OAI-PMH>